<?xml version="1.0" encoding="UTF-8"?>
<record
    xmlns:xsi="http://www.w3.org/2001/XMLSchema-instance"
    xsi:schemaLocation="http://www.loc.gov/MARC21/slim http://www.loc.gov/standards/marcxml/schema/MARC21slim.xsd"
    xmlns="http://www.loc.gov/MARC21/slim">

  <leader>00562nam a2200157 a 4500</leader>
  <controlfield tag="001">BRCA_658</controlfield>
  <controlfield tag="005">20190320203110.0</controlfield>
  <controlfield tag="008">110408s1983----sp-#---###---#000-0#spa-#</controlfield>
  <datafield tag="050" ind1=" " ind2="4">
    <subfield code="a">NK7162</subfield>
    <subfield code="b">.C78 1983</subfield>
  </datafield>
  <datafield tag="100" ind1="1" ind2=" ">
    <subfield code="a">Cruz Valdovinos, Jos&#xE9; Manuel</subfield>
    <subfield code="d">1943-</subfield>
    <subfield code="9">2201</subfield>
  </datafield>
  <datafield tag="245" ind1="1" ind2="0">
    <subfield code="a">Los plateros madrile&#xF1;os</subfield>
    <subfield code="b">estudio hist&#xF3;rico jur&#xED;dico de su organizaci&#xF3;n corporativa</subfield>
    <subfield code="c">Jos&#xE9; Manuel Cruz Valdovinos.</subfield>
  </datafield>
  <datafield tag="260" ind1=" " ind2=" ">
    <subfield code="a">Madrid</subfield>
    <subfield code="b">Gremio de Joyeros y Plateros de Madrid</subfield>
    <subfield code="c">1983</subfield>
  </datafield>
  <datafield tag="300" ind1=" " ind2=" ">
    <subfield code="a">430 p.</subfield>
    <subfield code="c">24 cm.</subfield>
  </datafield>
  <datafield tag="650" ind1="1" ind2="4">
    <subfield code="a">Plateros</subfield>
    <subfield code="y">Siglos XVI a XIX</subfield>
    <subfield code="z">Espa&#xF1;a</subfield>
    <subfield code="9">2202</subfield>
  </datafield>
  <datafield tag="942" ind1=" " ind2=" ">
    <subfield code="2">lcc</subfield>
    <subfield code="c">B</subfield>
  </datafield>
  <datafield tag="999" ind1=" " ind2=" ">
    <subfield code="c">571</subfield>
    <subfield code="d">571</subfield>
  </datafield>
  <datafield tag="952" ind1=" " ind2=" ">
    <subfield code="0">0</subfield>
    <subfield code="1">0</subfield>
    <subfield code="4">0</subfield>
    <subfield code="7">0</subfield>
    <subfield code="a">BRCA</subfield>
    <subfield code="b">BRCA</subfield>
    <subfield code="d">2008-06-25</subfield>
    <subfield code="l">0</subfield>
    <subfield code="o">NK7162 .C78 1983</subfield>
    <subfield code="p">01281</subfield>
    <subfield code="r">2019-03-22 00:00:00</subfield>
    <subfield code="w">2019-03-22</subfield>
    <subfield code="y">B</subfield>
  </datafield>
</record>
